000 00507nam a2200181Ia 4500
005 20250326124406.0
008 250326s9999 xx 000 0 und d
037 _aTextbook
040 _aFMSL
_beng
_cFMSL
041 _aeng
_2eng
084 _aX:75.44 L4;2
_qFMSL
100 _aMisra R P
245 0 _aRegional development planning in India
_cMisra R P; Sundaram K V
260 _aDelhi
_bDelhi, Vikas
_c1974
300 _a398p
942 _cTB
_hX:75.44 L4;2
999 _c1273537
_d1273537